000 00563nam a2200157 a 4500
001 000035830
005 20200930074639.0
008 111115s19uu mx 000 0 spa d
040 _aDO-SdBNP
_bspa
_cBNPHU
100 1 _aCarnegie, Dale
_961799
245 1 0 _aCómo ganar amigos e influir sobre las personas /
_cDale Carnegie ; traducción de Román A. Jiménez.
260 _a[México, D.F :
_bs. n.,
_c19--?].
300 _a319 p. ;
_c21 cm.
590 _aPerteneció a la biblioteca personal de Juan Isidro Jimenes Grullón.
700 1 _aJiménez, Román A.
_961800
999 _c35321
_d35321